[Event "Lloyds Bank Masters 10th"]
[Site "London"]
[Date "1986.08.24"]
[Round "5"]
[White "Kudrin, Sergey"]
[Black "Van der Sterren, Paul"]
[Result "1-0"]
[WhiteElo "2495"]
[BlackElo "2475"]
[PlyCount "63"]
[EventDate "1986.08.20"]
[EventType "swiss"]
[EventRounds "9"]
[EventCountry "ENG"]
[SourceTitle "BritBase"]
[Source "John Saunders"]
[SourceDate "2020.09.07"]
[SourceVersion "1"]
[SourceVersionDate "2020.09.07"]
[SourceQuality "2"]

1. e4 e5 2. Nf3 Nc6 3. Bc4 Bc5 4. c3 Nf6 5. b4 Bb6 6. d3 d6 7. O-O O-O 8. Nbd2
Re8 9. Bb3 a6 10. Nc4 Ba7 11. Bg5 h6 12. Bh4 g5 13. Nxg5 hxg5 14. Bxg5 Bg4 15.
Qd2 Kg7 16. Ne3 Qd7 17. Bxf6+ Kxf6 18. f4 Kg7 19. fxe5 Re7 20. Kh1 dxe5 21.
Nf5+ Bxf5 22. exf5 f6 23. Rf3 Kh8 24. Be6 Qd8 25. Rh3+ Rh7 26. Rxh7+ Kxh7 27.
Rf1 Nd4 28. cxd4 Qxd4 29. Qe2 Kg7 30. Qh5 Rf8 31. Qg6+ Kh8 32. Qh6# 1-0

[Event "Lloyds Bank Masters 10th"]
[Site "London"]
[Date "1986.08.24"]
[Round "5"]
[White "Murey, Jacob"]
[Black "Agdestein, Simen"]
[Result "0-1"]
[WhiteElo "2490"]
[BlackElo "2545"]
[PlyCount "88"]
[EventDate "1986.08.20"]
[EventType "swiss"]
[EventRounds "9"]
[EventCountry "ENG"]
[SourceTitle "BritBase"]
[Source "John Saunders"]
[SourceDate "2020.09.07"]
[SourceVersion "1"]
[SourceVersionDate "2020.09.07"]
[SourceQuality "2"]

1. d4 e6 2. c4 f5 3. g3 Nf6 4. Bg2 d5 5. Nf3 Be7 6. O-O O-O 7. Nbd2 c6 8. b3 b6
9. Bb2 Bd6 10. Ne5 Bb7 11. Nd3 Qe7 12. Qc1 a5 13. Nf3 Na6 14. Nfe5 Rac8 15. Qg5
Rc7 16. Rac1 Rfc8 17. Rc2 Qf8 18. Qe3 c5 19. Rfc1 Re8 20. dxc5 bxc5 21. Qd2 Nb4
22. Nxb4 axb4 23. cxd5 exd5 24. Nd3 Ne4 25. Qd1 d4 26. Nxb4 f4 27. Nd3 fxg3 28.
fxg3 Qe7 29. Qe1 Qg5 30. Bxd4 Nxg3 31. Bxb7 Nf5+ 32. Bg2 Nxd4 33. Kh1 Qh5 34.
Qg1 Rxe2 35. Ne1 Rce7 36. Rxe2 Rxe2 37. Rd1 Rxa2 38. b4 Qxd1 39. bxc5 Bxc5 40.
Qf1 Ra1 41. Bd5+ Kh8 42. Qf7 Qxe1+ 43. Kg2 Qg1+ 44. Kh3 Qf1+ 0-1

[Event "Lloyds Bank Masters 10th"]
[Site "London"]
[Date "1986.08.24"]
[Round "5"]
[White "Pein, Malcolm"]
[Black "Schoen, Wolfram"]
[Result "1/2-1/2"]
[WhiteElo "2340"]
[BlackElo "2415"]
[PlyCount "88"]
[EventDate "1986.08.20"]
[EventType "swiss"]
[EventRounds "9"]
[EventCountry "ENG"]
[SourceTitle "BritBase"]
[Source "John Saunders"]
[SourceDate "2020.09.07"]
[SourceVersion "1"]
[SourceVersionDate "2020.09.07"]
[SourceQuality "2"]

1. d4 d5 2. Nf3 Nf6 3. c4 c6 4. Nc3 e6 5. Qb3 Nbd7 6. g3 Bd6 7. Bg2 O-O 8. Bf4
Qc7 9. Bxd6 Qxd6 10. O-O dxc4 11. Qxc4 e5 12. Rad1 exd4 13. Qxd4 Qxd4 14. Nxd4
Nb6 15. e4 Bg4 16. f3 Bd7 17. Nb3 Rad8 18. Na5 Bc8 19. Rfe1 Rfe8 20. f4 Nfd7
21. Rd2 Nc5 22. Red1 Rxd2 23. Rxd2 Nba4 24. Nxa4 Nxa4 25. e5 Nb6 26. Rd6 Kf8
27. Nxc6 bxc6 28. Bxc6 Nc4 29. Rd4 Nxb2 30. Bxe8 Kxe8 31. Rb4 Nd1 32. Rb3 a6
33. Kf1 Be6 34. Ra3 Nb2 35. Ke1 Bc4 36. Rc3 Bxa2 37. Rc2 Nd3+ 38. Kd2 Nb4 39.
Rc8+ Kd7 40. Rh8 g6 41. Rxh7 a5 42. h4 Ke6 43. Kc3 Kf5 44. h5 gxh5 1/2-1/2

[Event "Lloyds Bank Masters 10th"]
[Site "London"]
[Date "1986.08.24"]
[Round "5"]
[White "Ravisekhar, Raja"]
[Black "Watson, William N"]
[Result "0-1"]
[WhiteElo "2395"]
[BlackElo "2495"]
[PlyCount "92"]
[EventDate "1986.08.20"]
[EventType "swiss"]
[EventRounds "9"]
[EventCountry "ENG"]
[SourceTitle "BritBase"]
[Source "John Saunders"]
[SourceDate "2020.09.07"]
[SourceVersion "1"]
[SourceVersionDate "2020.09.07"]
[SourceQuality "2"]

1. d4 Nf6 2. Nc3 d5 3. Bg5 Nbd7 4. Nf3 c6 5. e3 Qb6 6. Rb1 g6 7. Bd3 Bg7 8. O-O
O-O 9. h3 Re8 10. Kh1 e5 11. dxe5 Nxe5 12. Nxe5 Rxe5 13. f4 Rxe3 14. f5 Nh5 15.
Bxe3 Ng3+ 16. Kh2 Nxf1+ 17. Qxf1 Qxe3 18. Re1 Be5+ 19. Kh1 Qg3 20. Qg1 Qf4 21.
Ne2 Qh4 22. c3 Bd7 23. Nd4 Bd6 24. Nf3 Qf4 25. Qd4 Qxd4 26. cxd4 Bxf5 27. Bxf5
gxf5 28. Kg1 Kg7 29. Kf2 b6 30. Re2 Kf6 31. Ke1 c5 32. dxc5 bxc5 33. Kd1 Rb8
34. Kc2 Bf4 35. a3 Rb6 36. b3 Re6 37. Kd1 Rxe2 38. Kxe2 c4 39. bxc4 dxc4 40.
Nd4 Ke5 41. Nc2 Ke4 42. a4 a5 43. Na3 Kd4 44. Nb5+ Kc5 45. Nc3 Be5 46. Na2 Bb2
0-1

[Event "Lloyds Bank Masters 10th"]
[Site "London"]
[Date "1986.08.24"]
[Round "5"]
[White "Sathe, Bhagyashree"]
[Black "Rechlis, Gad"]
[Result "0-1"]
[WhiteElo "2075"]
[BlackElo "2430"]
[PlyCount "92"]
[EventDate "1986.08.20"]
[EventType "swiss"]
[EventRounds "9"]
[EventCountry "ENG"]
[SourceTitle "BritBase"]
[Source "John Saunders"]
[SourceDate "2020.09.07"]
[SourceVersion "1"]
[SourceVersionDate "2020.09.07"]
[SourceQuality "2"]

1. e4 c5 2. c3 Nf6 3. e5 Nd5 4. d4 cxd4 5. Nf3 d6 6. cxd4 Nc6 7. Bc4 e6 8. O-O
Be7 9. Qe2 O-O 10. Rd1 a6 11. exd6 Qxd6 12. Nc3 Nxc3 13. bxc3 b5 14. Bd3 Bb7
15. Ng5 g6 16. Nxh7 Nxd4 17. cxd4 Qd5 18. Be4 Qxe4 19. Qxe4 Bxe4 20. Nxf8 Bxf8
21. Bf4 b4 22. Rac1 a5 23. Bd2 Bd5 24. Rc2 b3 25. axb3 Bxb3 26. Rdc1 Bxc2 27.
Rxc2 a4 28. Kf1 a3 29. Ra2 Rb8 30. Bc3 Rb3 31. Ba1 g5 32. Ke2 g4 33. Rc2 Rb1
34. Bc3 Rg1 35. g3 Rh1 36. Be1 Kg7 37. Rc4 Rxh2 38. d5 exd5 39. Rxg4+ Kf6 40.
Bb4 Bxb4 41. Rxb4 Rh1 42. Ra4 Ra1 43. Kd3 a2 44. Ra6+ Kf5 45. Ke2 d4 46. Ra5+
Kg6 0-1

[Event "Lloyds Bank Masters 10th"]
[Site "London"]
[Date "1986.08.24"]
[Round "5"]
[White "Thipsay, Praveen"]
[Black "Conquest, Stuart"]
[Result "1/2-1/2"]
[WhiteElo "2375"]
[BlackElo "2430"]
[PlyCount "222"]
[EventDate "1986.08.20"]
[EventType "swiss"]
[EventRounds "9"]
[EventCountry "ENG"]
[SourceTitle "BritBase"]
[Source "John Saunders"]
[SourceDate "2020.09.07"]
[SourceVersion "1"]
[SourceVersionDate "2020.09.07"]
[SourceQuality "2"]

1. e4 c5 2. Nf3 Nc6 3. d4 cxd4 4. Nxd4 e6 5. Nc3 a6 6. Be2 Nge7 7. f4 Nxd4 8.
Qxd4 Nc6 9. Qf2 b5 10. O-O Be7 11. Be3 Bb7 12. Bf3 f6 13. Qg3 O-O 14. f5 Ne5
15. Bh5 Rc8 16. Rad1 Nc4 17. Bc1 Bc5+ 18. Kh1 Qe7 19. Qh3 b4 20. Bg6 h6 21. Ne2
Bxe4 22. fxe6 Bxg6 23. Rxd7 Qe8 24. Bxh6 Be7 25. Nf4 Ne5 26. Nd5 Nc6 27. Be3 f5
28. Nxe7+ Nxe7 29. Qh4 Rf6 30. Bg5 Rxe6 31. Rxe7 Qb5 32. Rd1 Rxe7 33. Bxe7 Qe2
34. Rg1 Rxc2 35. Bxb4 Rxb2 36. Qd8+ Kh7 37. Bc3 Rc2 38. Qc7 Bf7 39. Qxf7 Rxc3
40. Qxf5+ Kh8 41. Qf8+ Kh7 42. Qf5+ Kh8 43. Qa5 Rc2 44. a3 Ra2 45. h3 Qb2 46.
Qd8+ Kh7 47. Qh4+ Kg8 48. Qc4+ Kh8 49. Qc8+ Kh7 50. Qf5+ Kh8 51. Qh5+ Kg8 52.
Qd5+ Kh8 53. a4 Ra1 54. Qa8+ Kh7 55. Qxa6 Rxg1+ 56. Kxg1 Qd4+ 57. Kf1 Qf4+ 58.
Ke2 Qe4+ 59. Kd2 Qxg2+ 60. Kc3 Qf2 61. Qd3+ Kh8 62. Qd8+ Kh7 63. Qd4 Qe1+ 64.
Kb3 Qe6+ 65. Kc3 Qc6+ 66. Qc4 Qf6+ 67. Kc2 Qf2+ 68. Kb1 Qb6+ 69. Kc1 Qg1+ 70.
Kb2 Qb6+ 71. Qb3 Qd4+ 72. Ka2 Qd2+ 73. Kb1 Kh8 74. Qc2 Qe1+ 75. Kb2 Qe5+ 76.
Qc3 Qe2+ 77. Kb3 Qe6+ 78. Qc4 Qe3+ 79. Kb4 Qb6+ 80. Qb5 Qd4+ 81. Kb3 Qe3+ 82.
Kc4 Qe4+ 83. Kc5 Qe5+ 84. Kc6 Qe6+ 85. Kc7 Qe7+ 86. Qd7 Qc5+ 87. Qc6 Qe7+ 88.
Kc8 Qf8+ 89. Kb7 Qe7+ 90. Kc8 Qf8+ 91. Kd7 Qf5+ 92. Qe6 Qd3+ 93. Ke8 Qd4 94.
Qc8 Qd5 95. a5 Kh7 96. a6 Qe5+ 97. Kd7 Qf5+ 98. Kc7 Qc5+ 99. Kb7 Qb4+ 100. Ka8
Qe4+ 101. Qb7 Qe8+ 102. Ka7 Qe3+ 103. Kb8 Qe8+ 104. Qc8 Qe5+ 105. Qc7 Qe8+ 106.
Kb7 Qe4+ 107. Qc6 Qb4+ 108. Kc8 Qf8+ 109. Kd7 Qf7+ 110. Kd6 Qf6+ 111. Kc5 Qc3+
1/2-1/2

[Event "Lloyds Bank Masters 10th"]
[Site "London"]
[Date "1986.08.25"]
[Round "6"]
[White "Adams, Michael"]
[Black "Pein, Malcolm"]
[Result "0-1"]
[WhiteElo "2260"]
[BlackElo "2340"]
[PlyCount "78"]
[EventDate "1986.08.20"]
[EventType "swiss"]
[EventRounds "9"]
[EventCountry "ENG"]
[SourceTitle "BritBase"]
[Source "John Saunders"]
[SourceDate "2020.09.07"]
[SourceVersion "1"]
[SourceVersionDate "2020.09.07"]
[SourceQuality "2"]

1. e4 e5 2. Nf3 Nc6 3. Bb5 a6 4. Ba4 Nf6 5. O-O Be7 6. Bxc6 dxc6 7. Re1 Nd7 8.
d3 O-O 9. Nbd2 f6 10. Nf1 Nc5 11. Ng3 g6 12. Be3 Re8 13. Qe2 Ne6 14. Rad1 c5
15. c3 Bd6 16. d4 cxd4 17. cxd4 Qe7 18. Qc4 Qf7 19. dxe5 fxe5 20. Rd5 b5 21.
Qc6 Bd7 22. Qc3 Nf4 23. Rdd1 b4 24. Qc2 Nh3+ 25. Kh1 Bg4 26. Qe2 Nf4 27. Bxf4
exf4 28. Nf1 Qxa2 29. h3 Bf5 30. Qc2 Be6 31. N1d2 b3 32. Qc3 Qa4 33. e5 Be7 34.
Re4 Qd7 35. Rd4 Qb5 36. Rxf4 Rad8 37. Re1 Qc5 38. Nd4 Qxc3 39. bxc3 Bg5 0-1

[Event "Lloyds Bank Masters 10th"]
[Site "London"]
[Date "1986.08.25"]
[Round "6"]
[White "Agdestein, Simen"]
[Black "Hjartarson, Johann"]
[Result "1-0"]
[WhiteElo "2545"]
[BlackElo "2425"]
[PlyCount "57"]
[EventDate "1986.08.20"]
[EventType "swiss"]
[EventRounds "9"]
[EventCountry "ENG"]
[SourceTitle "BritBase"]
[Source "John Saunders"]
[SourceDate "2020.09.07"]
[SourceVersion "1"]
[SourceVersionDate "2020.09.07"]
[SourceQuality "2"]

1. d4 Nf6 2. Nf3 e6 3. c4 Bb4+ 4. Bd2 Bxd2+ 5. Nbxd2 d5 6. Qc2 O-O 7. g3 b6 8.
cxd5 exd5 9. Rc1 Na6 10. Bg2 c5 11. O-O Bb7 12. b3 Qe7 13. Rfe1 Rfe8 14. Qb2
Nc7 15. Nh4 g6 16. dxc5 bxc5 17. b4 c4 18. Nxc4 dxc4 19. Bxb7 Rab8 20. Bc6 Rxb4
21. Qa3 Nb5 22. Qa5 Rb8 23. Nf3 Qc5 24. a4 Ng4 25. Rf1 a6 26. axb5 axb5 27. Qa3
Qf8 28. h3 Nf6 29. Nd4 1-0

[Event "Lloyds Bank Masters 10th"]
[Site "London"]
[Date "1986.08.25"]
[Round "6"]
[White "Calvo Minguez, Ricardo"]
[Black "Knott, Simon JB"]
[Result "0-1"]
[WhiteElo "2415"]
[BlackElo "2365"]
[PlyCount "96"]
[EventDate "1986.08.20"]
[EventType "swiss"]
[EventRounds "9"]
[EventCountry "ENG"]
[SourceTitle "BritBase"]
[Source "John Saunders"]
[SourceDate "2020.09.07"]
[SourceVersion "1"]
[SourceVersionDate "2020.09.07"]
[SourceQuality "2"]

1. e4 e6 2. d4 d5 3. Nc3 Bb4 4. exd5 exd5 5. Bd3 Nc6 6. Nge2 Nge7 7. O-O O-O 8.
Bf4 Bf5 9. Nb5 Ba5 10. c3 Bxd3 11. Qxd3 Ng6 12. Bg3 Nce7 13. Na3 c6 14. Nc2 Qd7
15. Rae1 Rae8 16. Nf4 Nxf4 17. Bxf4 Ng6 18. Bd2 Bc7 19. Rxe8 Rxe8 20. Re1 Rf8
21. g3 Qh3 22. Qf1 Qxf1+ 23. Kxf1 f5 24. f3 h5 25. Kg2 f4 26. Rf1 fxg3 27. hxg3
h4 28. f4 hxg3 29. Kxg3 Nxf4 30. Bxf4 Rxf4 31. Rxf4 g5 32. Kg4 Bxf4 33. Ne1 Kf8
34. Nd3 Bd2 35. Nc5 b6 36. Nd7+ Ke7 37. Ne5 Kd6 38. Kf5 a5 39. c4 Bf4 40. cxd5
Kxd5 41. b3 Kxd4 42. Nxc6+ Kc3 43. Ke4 Kb2 44. Kd3 Kxa2 45. Kc3 g4 46. b4 g3
47. bxa5 g2 48. Nb4+ Kb1 0-1

[Event "Lloyds Bank Masters 10th"]
[Site "London"]
[Date "1986.08.25"]
[Round "6"]
[White "Conquest, Stuart"]
[Black "Anagnostopoulos, Dimitri"]
[Result "1-0"]
[WhiteElo "2430"]
[BlackElo "2255"]
[PlyCount "57"]
[EventDate "1986.08.20"]
[EventType "swiss"]
[EventRounds "9"]
[EventCountry "ENG"]
[SourceTitle "BritBase"]
[Source "John Saunders"]
[SourceDate "2020.09.07"]
[SourceVersion "1"]
[SourceVersionDate "2020.09.07"]
[SourceQuality "2"]

1. d4 Nf6 2. Nf3 g6 3. Bf4 Bg7 4. e3 O-O 5. h3 d6 6. Be2 c5 7. O-O Qb6 8. Nbd2
cxd4 9. exd4 Be6 10. Nb3 a5 11. c4 a4 12. Nbd2 Qxb2 13. Rb1 Qxa2 14. Qc1 Bf5
15. Ra1 Qc2 16. Qa3 e5 17. Ne1 exf4 18. Nxc2 Bxc2 19. Qxd6 Nc6 20. Qxf4 Nh5 21.
Bxh5 gxh5 22. Nf3 Rfd8 23. d5 Bxa1 24. Rxa1 Ne7 25. Qf6 Ng6 26. Nd4 Bd3 27. Rd1
Bxc4 28. Nf5 Kf8 29. Re1 1-0

[Event "Lloyds Bank Masters 10th"]
[Site "London"]
[Date "1986.08.25"]
[Round "6"]
[White "De Firmian, Nick E"]
[Black "Thipsay, Praveen"]
[Result "1-0"]
[WhiteElo "2490"]
[BlackElo "2375"]
[PlyCount "47"]
[EventDate "1986.08.20"]
[EventType "swiss"]
[EventRounds "9"]
[EventCountry "ENG"]
[SourceTitle "BritBase"]
[Source "John Saunders"]
[SourceDate "2020.09.07"]
[SourceVersion "1"]
[SourceVersionDate "2020.09.07"]
[SourceQuality "2"]

1. e4 c5 2. Nf3 e6 3. d4 cxd4 4. Nxd4 Nc6 5. Nc3 d6 6. f4 Nf6 7. Nf3 Be7 8. Bd3
O-O 9. O-O e5 10. Kh1 a6 11. Qe2 Re8 12. Bd2 Bf8 13. Rae1 Nb4 14. fxe5 dxe5 15.
Bg5 Nxd3 16. cxd3 Qd6 17. Nh4 Nd7 18. Nd5 Nb6 19. Qf2 Nxd5 20. Qxf7+ Kh8 21.
Qxe8 Nf6 22. Rxf6 gxf6 23. Bh6 Kg8 24. Re3 1-0

[Event "Lloyds Bank Masters 10th"]
[Site "London"]
[Date "1986.08.25"]
[Round "6"]
[White "Hawksworth, John C"]
[Black "Sathe, Bhagyashree"]
[Result "1/2-1/2"]
[WhiteElo "2400"]
[BlackElo "2075"]
[PlyCount "83"]
[EventDate "1986.08.20"]
[EventType "swiss"]
[EventRounds "9"]
[EventCountry "ENG"]
[SourceTitle "BritBase"]
[Source "John Saunders"]
[SourceDate "2020.09.07"]
[SourceVersion "1"]
[SourceVersionDate "2020.09.07"]
[SourceQuality "2"]

1. d4 d5 2. c4 e6 3. Nc3 c5 4. cxd5 exd5 5. Nf3 Nc6 6. g3 Nf6 7. Bg2 Be7 8. O-O
O-O 9. Be3 c4 10. Ne5 Be6 11. Qd2 Qc8 12. Bg5 Rd8 13. e3 h6 14. Bxf6 Bxf6 15.
f4 Ne7 16. b3 cxb3 17. axb3 Bh3 18. Rfc1 Qe6 19. Nb5 Qb6 20. Nc7 Rac8 21. Bxh3
Rxc7 22. Rxc7 Qxc7 23. Rxa7 Nc8 24. Ra5 Be7 25. Ra8 Nd6 26. Rxd8+ Qxd8 27. Bg2
Ne4 28. Bxe4 dxe4 29. d5 Qb6 30. Qc3 Bc5 31. Kf2 Qb5 32. Nc4 Qd7 33. Qe5 b5 34.
Nd2 f5 35. g4 Qa7 36. Nf1 Qa2+ 37. Kg1 Qxb3 38. gxf5 Bxe3+ 39. Kh1 Qd1 40. Qe8+
Kh7 41. Qg6+ Kg8 42. Qe8+ 1/2-1/2

[Event "Lloyds Bank Masters 10th"]
[Site "London"]
[Date "1986.08.25"]
[Round "6"]
[White "Hodgson, Julian M"]
[Black "Chandler, Murray G"]
[Result "1-0"]
[WhiteElo "2500"]
[BlackElo "2565"]
[PlyCount "107"]
[EventDate "1986.08.20"]
[EventType "swiss"]
[EventRounds "9"]
[EventCountry "ENG"]
[SourceTitle "BritBase"]
[Source "John Saunders"]
[SourceDate "2020.09.07"]
[SourceVersion "1"]
[SourceVersionDate "2020.09.07"]
[SourceQuality "2"]

1. Nf3 Nf6 2. g3 d5 3. Bg2 Bf5 4. d3 e6 5. Nh4 Bg4 6. h3 Bh5 7. g4 Bg6 8. Nc3
Nc6 9. g5 d4 10. Nxg6 hxg6 11. Ne4 Nxe4 12. Bxe4 Rh4 13. c3 Qd7 14. Qa4 Be7 15.
f4 O-O-O 16. Bd2 Bc5 17. Rc1 Ne7 18. Qb3 c6 19. Qc4 Bb6 20. b4 Kb8 21. a4 Nf5
22. Bxf5 gxf5 23. a5 Bc7 24. Rf1 Rxh3 25. a6 Bb6 26. axb7 Kxb7 27. cxd4 Bxd4
28. Bc3 Bxc3+ 29. Qxc3 Rh2 30. Rc2 Qd6 31. Kd2 Rd7 32. Kc1 g6 33. Kb1 Ka8 34.
Rb2 Rb7 35. Ka1 Qd5 36. e4 Rxb2 37. exd5 R2xb4 38. Qxc6 R4b6 39. Qc8+ Rb8 40.
Qc4 Rb5 41. Qc6+ R8b7 42. Qc8+ Rb8 43. Qc6+ R8b7 44. Rf2 Rb1+ 45. Ka2 R1b5 46.
Qc8+ Rb8 47. Qc3 R8b6 48. Qa3 Kb7 49. dxe6 fxe6 50. Rc2 Rb4 51. Rc3 a5 52. Rc4
Rb1 53. Qc3 a4 54. Rc7+ 1-0

[Event "Lloyds Bank Masters 10th"]
[Site "London"]
[Date "1986.08.25"]
[Round "6"]
[White "Hunerkopf, Heinz"]
[Black "Barber, Haydn"]
[Result "0-1"]
[WhiteElo "2270"]
[BlackElo "2320"]
[PlyCount "88"]
[EventDate "1986.08.20"]
[EventType "swiss"]
[EventRounds "9"]
[EventCountry "ENG"]
[SourceTitle "BritBase"]
[Source "John Saunders"]
[SourceDate "2020.09.07"]
[SourceVersion "1"]
[SourceVersionDate "2020.09.07"]
[SourceQuality "2"]

1. e4 c5 2. Nf3 Nc6 3. c3 Nf6 4. e5 Nd5 5. d4 cxd4 6. Bc4 Nb6 7. Bb3 d5 8. exd6
Qxd6 9. O-O Be6 10. Na3 Bxb3 11. Qxb3 Rc8 12. Nb5 Qd5 13. Nxa7 Qxb3 14. axb3
Ra8 15. Nxc6 Rxa1 16. Ncxd4 e6 17. Nc2 Ra8 18. c4 Rc8 19. Ne5 Be7 20. Be3 Nd5
21. Bd4 f6 22. Nd3 b5 23. Na3 Bxa3 24. cxd5 Be7 25. Re1 e5 26. Bb6 Kf7 27. b4
Rc4 28. Ra1 e4 29. Nc5 Re8 30. Re1 Rxb4 31. g3 Bd8 32. Bxd8 Rxd8 33. Nxe4 Rxd5
34. Re2 Rd1+ 35. Kg2 Rb1 36. Nd6+ Kg6 37. Re7 R4xb2 38. Ne8 Rc1 39. Rxg7+ Kf5
40. Rb7 Rcc2 41. Rxb5+ Rxb5 42. Nd6+ Ke5 43. Nxb5 Rc5 44. Na3 Kd4 0-1

[Event "Lloyds Bank Masters 10th"]
[Site "London"]
[Date "1986.08.25"]
[Round "6"]
[White "Manor, Ilan"]
[Black "Yrjola, Jouni"]
[Result "0-1"]
[WhiteElo "2430"]
[BlackElo "2405"]
[PlyCount "80"]
[EventDate "1986.08.20"]
[EventType "swiss"]
[EventRounds "9"]
[EventCountry "ENG"]
[SourceTitle "BritBase"]
[Source "John Saunders"]
[SourceDate "2020.09.07"]
[SourceVersion "1"]
[SourceVersionDate "2020.09.07"]
[SourceQuality "2"]

1. d4 Nf6 2. c4 g6 3. Nc3 d5 4. Nf3 Bg7 5. cxd5 Nxd5 6. e3 O-O 7. Bc4 Nb6 8.
Bb3 Nc6 9. O-O e5 10. d5 Na5 11. e4 h6 12. Be3 Nbc4 13. Bc5 Nd6 14. Nd2 b6 15.
Bxd6 cxd6 16. Ba4 Ba6 17. Re1 Rc8 18. Rc1 h5 19. Bb5 Bxb5 20. Nxb5 Rxc1 21.
Qxc1 Qd7 22. Nc3 Bh6 23. Qc2 Rc8 24. Qd3 b5 25. b3 a6 26. Rc1 b4 27. Ne2 Rxc1+
28. Nxc1 Qb5 29. Qc2 Qc5 30. Nc4 Nxc4 31. bxc4 Bxc1 32. Qxc1 Qd4 33. h3 Kg7 34.
Qc2 Qc3 35. Qa4 Qxc4 36. Qc6 Qxa2 37. Qxd6 Qa1+ 38. Kh2 b3 39. h4 b2 40. Qc5
b1=Q 0-1

[Event "Lloyds Bank Masters 10th"]
[Site "London"]
[Date "1986.08.25"]
[Round "6"]
[White "McKay, Roderick M"]
[Black "Gallagher, Joseph G"]
[Result "1-0"]
[WhiteElo "2400"]
[BlackElo "2360"]
[PlyCount "99"]
[EventDate "1986.08.20"]
[EventType "swiss"]
[EventRounds "9"]
[EventCountry "ENG"]
[SourceTitle "BritBase"]
[Source "John Saunders"]
[SourceDate "2020.09.07"]
[SourceVersion "1"]
[SourceVersionDate "2020.09.07"]
[SourceQuality "2"]

1. d4 Nf6 2. Nf3 g6 3. Bg5 Bg7 4. Nbd2 O-O 5. e3 d6 6. Bd3 Nbd7 7. O-O h6 8.
Bh4 e5 9. c3 Qe7 10. Bc2 Re8 11. a4 a5 12. Bb3 e4 13. Ne1 g5 14. Bg3 Nf8 15.
Nc2 Be6 16. Bxe6 Qxe6 17. f4 gxf4 18. Bxf4 Ng6 19. Qe2 Nd5 20. Bg3 f5 21. Rae1
Rf8 22. Rf2 Kh7 23. h3 Qd7 24. Qb5 c6 25. Qe2 Rae8 26. Nc4 f4 27. exf4 Ngxf4
28. Qg4 Qxg4 29. hxg4 Nd3 30. Rxf8 Bxf8 31. Rf1 e3 32. Rf3 b5 33. axb5 cxb5 34.
N4xe3 Nxe3 35. Nxe3 Nxb2 36. Nd5 Bg7 37. Rf7 Kg8 38. Rb7 Nd1 39. Kh2 Ne3 40.
Rxb5 a4 41. Nc7 Nxg4+ 42. Kh3 Rc8 43. Nd5 Ra8 44. Kxg4 a3 45. Rb1 a2 46. Ra1
h5+ 47. Kf5 Bh6 48. Nb4 Bd2 49. Rxa2 Rf8+ 50. Ke4 1-0

[Event "Lloyds Bank Masters 10th"]
[Site "London"]
[Date "1986.08.25"]
[Round "6"]
[White "Nicholson, John G"]
[Black "Strauss, David J"]
[Result "0-1"]
[WhiteElo "2295"]
[BlackElo "2385"]
[PlyCount "78"]
[EventDate "1986.08.20"]
[EventType "swiss"]
[EventRounds "9"]
[EventCountry "ENG"]
[SourceTitle "BritBase"]
[Source "John Saunders"]
[SourceDate "2020.09.07"]
[SourceVersion "1"]
[SourceVersionDate "2020.09.07"]
[SourceQuality "2"]

1. e4 d5 2. exd5 Nf6 3. d4 Nxd5 4. Nf3 g6 5. c4 Nb6 6. Nc3 Bg7 7. h3 O-O 8. Be3
Nc6 9. Qd2 e5 10. d5 Ne7 11. Bh6 Bxh6 12. Qxh6 Nf5 13. Qd2 e4 14. Nd4 e3 15.
fxe3 Nxe3 16. Qxe3 Re8 17. Qxe8+ Qxe8+ 18. Kf2 Qe7 19. Rd1 Bd7 20. Be2 Re8 21.
Rhe1 Qe3+ 22. Kf1 Nxc4 23. Bxc4 Qf4+ 24. Nf3 Qxc4+ 25. Kg1 Rxe1+ 26. Rxe1 Qb4
27. Re2 Kg7 28. Ne5 Bf5 29. g4 Qd4+ 30. Kg2 Bd3 31. Re1 Bc4 32. Kg3 Bxd5 33. h4
h6 34. Re2 g5 35. hxg5 hxg5 36. Nxd5 Qxd5 37. Nf3 Qd6+ 38. Kh3 Qf4 39. Ne5 f6
0-1

[Event "Lloyds Bank Masters 10th"]
[Site "London"]
[Date "1986.08.25"]
[Round "6"]
[White "Plaskett, H James"]
[Black "Anand, Viswanathan"]
[Result "1/2-1/2"]
[WhiteElo "2450"]
[BlackElo "2420"]
[PlyCount "98"]
[EventDate "1986.08.20"]
[EventType "swiss"]
[EventRounds "9"]
[EventCountry "ENG"]
[SourceTitle "BritBase"]
[Source "John Saunders"]
[SourceDate "2020.09.07"]
[SourceVersion "1"]
[SourceVersionDate "2020.09.07"]
[SourceQuality "2"]

1. e4 c5 2. Nf3 e6 3. d4 cxd4 4. Nxd4 a6 5. Nc3 Nc6 6. Be2 Qc7 7. O-O Nf6 8.
Kh1 Nxd4 9. Qxd4 Bc5 10. Qd3 b5 11. f4 h5 12. e5 Ng4 13. Qh3 Nf2+ 14. Rxf2 Bxf2
15. Ne4 Qb6 16. Nd6+ Kf8 17. a4 b4 18. f5 Rb8 19. Bg5 Bb7 20. Qd3 Bd5 21. fxe6
dxe6 22. Rf1 Kg8 23. h4 Bc5 24. Qg3 Bxd6 25. exd6 f5 26. Be3 Qb7 27. Bd4 Rh7
28. c4 bxc3 29. bxc3 Rd8 30. c4 Bxg2+ 31. Qxg2 Qxg2+ 32. Kxg2 Rxd6 33. Rf4 g6
34. c5 Rc6 35. Bf3 Rc8 36. c6 Rhc7 37. Kf2 Kf7 38. a5 Rxc6 39. Bxc6 Rxc6 40.
Ke3 Rc1 41. Kd2 Rc4 42. Ke3 g5 43. hxg5 Kg6 44. Bb6 Rxf4 45. Kxf4 h4 46. Bd4
Kh5 47. Be3 h3 48. Bg1 Kg6 49. Bh2 Kh5 1/2-1/2

[Event "Lloyds Bank Masters 10th"]
[Site "London"]
[Date "1986.08.25"]
[Round "6"]
[White "Watson, William N"]
[Black "Kudrin, Sergey"]
[Result "1/2-1/2"]
[WhiteElo "2495"]
[BlackElo "2495"]
[PlyCount "22"]
[EventDate "1986.08.20"]
[EventType "swiss"]
[EventRounds "9"]
[EventCountry "ENG"]
[SourceTitle "BritBase"]
[Source "John Saunders"]
[SourceDate "2020.09.07"]
[SourceVersion "1"]
[SourceVersionDate "2020.09.07"]
[SourceQuality "2"]

1. e4 c5 2. Nf3 Nc6 3. d4 cxd4 4. Nxd4 e6 5. Nc3 a6 6. Be2 d6 7. Be3 Nf6 8. Qd2
Be7 9. f4 Qc7 10. O-O-O Nxd4 11. Qxd4 e5 1/2-1/2

[Event "Lloyds Bank Masters 10th"]
[Site "London"]
[Date "1986.08.26"]
[Round "7"]
[White "Akesson, Ralf"]
[Black "Rechlis, Gad"]
[Result "1-0"]
[WhiteElo "2435"]
[BlackElo "2430"]
[PlyCount "63"]
[EventDate "1986.08.20"]
[EventType "swiss"]
[EventRounds "9"]
[EventCountry "ENG"]
[SourceTitle "BritBase"]
[Source "John Saunders"]
[SourceDate "2020.09.07"]
[SourceVersion "1"]
[SourceVersionDate "2020.09.07"]
[SourceQuality "2"]

1. d4 Nf6 2. c4 e6 3. Nc3 Bb4 4. f3 d5 5. a3 Be7 6. e4 dxe4 7. fxe4 e5 8. d5
O-O 9. Nf3 c6 10. Bd3 cxd5 11. cxd5 Bc5 12. b4 Bd4 13. Nxd4 exd4 14. Nb5 Nxe4
15. O-O Nc3 16. Nxc3 dxc3 17. Bf4 Nd7 18. Bc2 Nf6 19. d6 Bg4 20. Qd3 Bh5 21.
Qxc3 Rc8 22. Qd2 Bg6 23. Bxg6 hxg6 24. Rac1 Rxc1 25. Rxc1 g5 26. Bxg5 Qb6+ 27.
Be3 Qb5 28. Qd4 b6 29. Rc7 Qe2 30. Qd2 Qg4 31. h3 Qg3 32. Bf4 1-0